| 000 -LEADER |
| fixed length control field |
00365 a2200145 4500 |
| 003 - CONTROL NUMBER IDENTIFIER |
| control field |
OSt |
| 005 - DATE AND TIME OF LATEST TRANSACTION |
| control field |
20240111182010.0 |
| 008 - FIXED-LENGTH DATA ELEMENTS--GENERAL INFORMATION |
| fixed length control field |
240111b ||||| |||| 00| 0 eng d |
| 020 ## - INTERNATIONAL STANDARD BOOK NUMBER |
| International Standard Book Number |
978-0500093887 |
| 082 ## - DEWEY DECIMAL CLASSIFICATION NUMBER |
| Classification number |
9780500093887 |
| 100 ## - MAIN ENTRY--PERSONAL NAME |
| Personal name |
Paul Gorman ; David Hockney |
| 245 ## - TITLE STATEMENT |
| Title |
Derek Boshier: Rethink/Re-entry |
| 260 ## - PUBLICATION, DISTRIBUTION, ETC. (IMPRINT) |
| Name of publisher, distributor, etc |
Thames & Hudson |
| Date of publication, distribution, etc |
2015 |
| 942 ## - ADDED ENTRY ELEMENTS (KOHA) |
| Source of classification or shelving scheme |
|